| 000 | 01166 a2200241 4500 | ||
|---|---|---|---|
| 003 | UA-OsUOA | ||
| 005 | 20260501115109.0 | ||
| 008 | 260501b un ||||| |||| 00| 0 ukr d | ||
| 020 | _a9785793403825 | ||
| 040 |
_aUA-OsUOA _bukr _cUA-OsUOA _dUA-OsUOA |
||
| 041 | _aukr | ||
| 041 | _arus | ||
| 080 | _a82-1 | ||
| 090 |
_a82-1 _bЯ11 |
||
| 245 |
_a"Я тот, чей дух не покорился..." _bсборник стихов украинских поэтов — политических узников воркутинских и интинских лагерей _cв переводах Марка Каганцова |
||
| 250 | _aИздание второе, исправленное и дополненное | ||
| 260 |
_aВоркута _c2011 |
||
| 520 | _aБрошура у вигляді ксерокопії окремих сторінок книги. Вірші надруковано українською та російською мовами. | ||
| 650 |
_2UDC _a82-1 Поезія. Поеми. Вірші _916367 |
||
| 942 |
_cBR _2udc |
||
| 955 | _a3 | ||
| 999 |
_c580632 _d580632 |
||